| 000 | 01419nam a2200301 a 4500 | ||
|---|---|---|---|
| 003 | DO-SdBNP | ||
| 005 | 20240404093624.0 | ||
| 007 | ta | ||
| 008 | 220725e2007 dr ad||fr|||| 001 0 spa d | ||
| 040 |
_aDO-SdBNP _bspa _cBNPHU |
||
| 082 | 4 |
_222 _bM425p |
|
| 245 | 1 | 0 |
_aMaternidad y paternidad en adolescentes 2007. / _cPrólogo, Gilka Meléndez Fernández; Presentación, Agustín Encarnación Montero-. |
| 246 | 1 | 4 |
_aMaternidad y paternidad en adolescentes 2007: _balerta ante un abismo creciente. / |
| 260 |
_aSanto Domingo : _bCONAPOFA, _c2007 |
||
| 300 |
_a126 P. : _bil., gráf. ; _c28 cm. |
||
| 504 | _aBibliografía: p. 49 y 120 | ||
| 505 | _aPrólogo. | ||
| 505 |
_aPresentación. _tI. Introducción. _tII. Objetivos.-- _tIII. Marco Conceptual.-- _tIV. Metodología.-- _tV. Resultados.-- _t5.1. Estudio Cauntitativo.-- _tBibliografía.-- _t5.2. Estudio Cualitativo.-- _tVII. Recomendaciones.-- _tAnexos.-- _tBibliografía. |
||
| 590 | _aInventariado 2022 / MF | ||
| 650 | 4 |
_913981 _aEmbarazo en Adolescente _zRepública Dominicana |
|
| 650 | 0 |
_913854 _aPaternidad _xRepública Dominicana |
|
| 700 | 1 |
_932053 _aMeléndez Fernández, Gilka _epról. |
|
| 700 | 2 |
_aEncarnación Montero, Agustín _982085 |
|
| 710 | 2 |
_aConsejo Nacional de Población y Familia (República Dominicana) _96985 |
|
| 710 | 2 |
_aFondo de Naciones Unidas para Actividades en Materia de Población _952170 |
|
| 910 | _aMFeliz | ||
| 942 |
_2ddc _cLBS1 |
||
| 999 |
_c52227 _d52227 |
||